| 000 | 00000nam##2200000za#4500 |
| 001 | 9.625497 |
| 003 | CaOODSP |
| 005 | 20200421163404 |
| 007 | ta |
| 008 | 150406|2000||||xxc||||| f|0| 0 fre|d |
| 020 | |a0-662-85330-X |
| 040 | |aCaOODSP|bfre |
| 043 | |an-cn--- |
| 086 | 1 |aNH18-23/70F |
| 110 | 2 |aSociété canadienne d'hypothèques et de logement. |
| 245 | 10|aRépercussions des successions sur les marchés hypothécaire et de l'habitation au Canada au cours de la prochaine décennie |
| 260 | |aOttawa - Ontario : |bSociété canadienne d'hypothèques et de logement |c2000. |
| 300 | |a6p. ; |c28 cm. |
| 490 | 1 |aLe point en recherche. Série socio-économique |v70 |
| 563 | |aDépliant |
| 590 | |a00-49|b2000-12-08 |
| 691 | 07|aÉpargne|2gcpds |
| 691 | 07|aLogement|2gcpds |
| 691 | 07|aMarché|2gcpds |
| 775 | 08|tThe impact of inheritances on the housing and mortgage markets in Canada over the next 10 years |w(CaOODSP)9.615410 |
| 776 | 0#|tRépercussions des successions sur les marchés hypothécaire et de l'habitation au Canada au cours de la prochaine décennie |w(CaOODSP)9.602176 |
| 830 | #0|aLe point en recherche. Série socio-économique ;|v70|w(CaOODSP)9.513180 |
| 986 | |aLNH 2267 |